000 00550nam a2200205Ia 4500
003 OSt
005 20220616095429.0
008 210423s2009 xx 000 0 und d
020 _a8173716234
040 _cAL
041 _aeng
082 _a541.242 SWAS
100 _aSWARNALAKSHMI (S);others.
_943103
245 _aSimple approach to group theory in chemistry.
260 _aHyderabad
_bUniversities Press
_c2009
300 _a147
_bPB
365 _b225
_cINR
906 _aapproach ; chemistry. ; group ; Simple ; theory
942 _2ddc
_cBK
999 _c154850
_d154850